Award-Winning X-Men Actors Quiz Stats

 Plays Quiz Updated Aug 2, 2019

Support Sporcle.
Go Orange.
Score 0/16 Timer 06:00
5 Plays Today
Hint Actor % Correct
Hugh Jackman (Tony, Emmy)
92.3%
Halle Berry (Oscar, SAG, Golden Globe, Emmy)
86.3%
Jennifer Lawrence (Oscar, Golden Globe)
84%
Ian McKellen (Golden Globe, SAG, Tony)
73.1%
Peter Dinklage (Emmy, SAG, Golden Globe)
70.2%
James McAvoy (BAFTA)
66.4%
Michael Fassbender (SAG)
64.5%
Kevin Bacon (Golden Globe, SAG)
64.2%
Hint Actor % Correct
will.i.am (Grammy)
56.5%
Anna Paquin (Oscar, Golden Globe)
56.3%
Kelsey Grammer (Emmy, Golden Globe, Tony, SAG)
53.9%
January Jones (SAG)
49.2%
Liev Schreiber (SAG)
46.5%
Oscar Isaac (Golden Globe)
33.5%
Brian Cox (Emmy)
29.6%
Dominic Monaghan (SAG)
28.8%

You're not logged in!

Compare scores with friends on all Sporcle quizzes.
OR
Log In

From the Vault

Billboard #1 Singles (2016)

by Tenkmoves

Songs come and go, but quizzes are forever.
Remove Ads.
Support Sporcle.
Get the best of Sporcle when you Go Orange. This ad-free experience offers more features, more stats, and more fun while also helping to support Sporcle. Thank you for becoming a member.

Show Comments

Extras

Top Quizzes Today


Score Distribution

Your Account Isn't Verified!

In order to create a playlist on Sporcle, you need to verify the email address you used during registration. Go to your Sporcle Settings to finish the process.

Report this User

Report this user for behavior that violates our Community Guidelines.

Details: